000 00211 a2200097 4500
001 47470
100 _aCollier B
245 _aThe battle of Britain
260 _aLondon
_bBT batsford
_c
090 _c30493
_d30493
942 _aNUST-CAE
_cM
_c22773
999 _c282543
_d282543